000 00410nam a2200193Ia 4500
001 14202
003 GE_BSU
008 181216s||||||||xx |||||||||||||| ||und||
040 _cGE_BSU
080 _a821.111-3
100 _aForsyth,Frederick
245 4 _aThe Odessa File
260 _aLondon
260 _bCorgi books
260 _c1972
300 _a316p.18cm.
653 _aThe Odessa File
942 _cBK
999 _c47341
_d47341